| 000 | 01245 a2200337 4500 | ||
|---|---|---|---|
| 005 | 20260401083928.0 | ||
| 008 | 250828b |||||||| |||| 00| 0 eng d | ||
| 022 | _a20289324 | ||
| 041 | _aFr | ||
| 041 | _aEn | ||
| 044 | _aCIV | ||
| 090 | _bDG/A/1650 | ||
| 100 | _a GOGOUE, Dessan Obed | ||
| 110 | _aCentre National de Recherche Agronomique | ||
| 110 | _bCote d'Ivoire | ||
| 245 |
_aEfficacite du biopesticide Astoun 50 EC sur prosoestus minor et prosoestus (Coleoptera : Curculionidae) ravageurs des inflorescences femelles et son impact sur Elaeidobius _bcamerunicus (Coleoptera : Curculionidae) principal pollinisateur du palmier a huile (Elaeis guineensis jacq.) en Cote d'Ivoire |
||
| 260 | _aInternational Journal of Innovation and Applied Studies | ||
| 260 | _bCentre National de Recheche Agronomique | ||
| 260 | _bUniversite Jean-Lorougnon Guede | ||
| 260 | _cAout 2025 | ||
| 302 | _a p. 266-276 | ||
| 388 | _a2025-08-28 | ||
| 650 | _2AGROVOC | ||
| 650 | _gPalmier a huile | ||
| 650 | _gBiopesticide | ||
| 650 | _gravageur | ||
| 650 | _gInflorescence femelle | ||
| 650 | _gElaeidobius camerunicus | ||
| 650 | _gProsoestus minor | ||
| 856 | _uhttps://ftech.byethost7.com/wp-content/uploads/2025/08/DGA1650.pdf | ||
| 999 |
_c5971 _d5971 |
||